01201nam a22002057a 450000500170000000800410001702000180005804100080007608200130008410000240009724500430012126000410016430000080020536500190021352005310023265000160076394200070077999900190078695201900080520230829145418.0230819b |||||||| |||| 00| 0 eng d a9780500651018 aeng a700bROS aRosen Aaron9204359 aJourney Through Art : A Global History aUnited KingdombThames & Hudonc2018 a143 b1320.00cRS.00 aPrehistoric & Ancient • Nawarla Gabarnmung C. 35,000 BCE • Thebes 1250 BCE • Nineveh 700 BCE • Athens 450 BCE • Rome 1 CE • Teotihuacan 300 CE • Ajanta 500 CE • Jerusalem 700 CE • Hedeby 900 CE Medieval & Early Modern • Cahokia • Angkor • Great Zimbabwe • Beijing • Granada • Florence • Timbuktu • Amsterdam • Isfahan Modern and Contemporary • Edo • Haida Gwaii • London • Paris • Vienna • Moscow • Mexico • New York • San Franciso • Berlin • Seoul • Rio de Janeiro  aArt9119074 cBK c355835d355835 00102ddc4070aSOFTbSOFTd2023-08-16ePankaj Publication Internationalg1320.38i4731l1o700 ROSpSOFT-BK-4147r2024-05-03 00:00:00s2023-10-03t20%v1650.48w0000-00-00yBKz004147